000 00302nam a22001337a 4500
008 170403b xxu||||| |||| 00| 0 eng d
020 _a9780072951721
041 _aeng
080 _28TH
_a574
100 _a9
101 _aSHM
245 _aENVIRONMENTAL SCIENCE
_cCUNNINGHAM, W.P
942 _2udc
_cBK
999 _c9485
_d9485